[Event "CAN-ch Post-Secondary A"]
[Site "Waterloo"]
[Date "2011.01.16"]
[Round "4.2"]
[White "Kleinman, Robert"]
[Black "Ramaswamy, Kishor"]
[Result "0-1"]
[WhiteElo "1878"]
[BlackElo "2177"]
[PlyCount "110"]
[EventDate "2011.01.15"]
[EventType "swiss"]
[EventRounds "4"]
[EventCountry "CAN"]
[SourceTitle "EXT 2022"]
[Source "ChessBase"]
[SourceDate "2021.10.06"]
[SourceVersion "1"]
[SourceVersionDate "2021.10.06"]
[SourceQuality "1"]

1. d4 d5 2. c4 c6 3. Nc3 Nf6 4. Nf3 a6 5. Bg5 Ne4 6. Nxe4 dxe4 7. Ng1 h6 8. Bf4 e5 9. dxe5 Qb6 10. Qc2 Bc5 11. 0-0-0 Bxf2 12. Nh3 Be3+ 13. Bxe3 Qxe3+ 14. Qd2 Qxd2+ 15. Rxd2 Bf5 16. Nf4 Nd7 17. e6 Bxe6 18. Nxe6 fxe6 19. g3 Nf6 20. Bg2 Ke7 21. Rhd1 c5 22. Rd6 Rab8 23. Bh3 Rhe8 24. Rxe6+ Kf7 25. Rb6 Re7 26. Rdd6 Rbe8 27. e3 h5 28. Bf5 Rb8 29. Be6+ Kf8 30. h3 Rc7 31. Bf5 Ke7 32. Re6+ Kf7 33. Bxe4 Nxe4 34. Rxe4 Rd8 35. Re5 Rcd7 36. Rd5 g5 37. Kc2 Rxd5 38. cxd5 Rxd5 39. Rxb7+ Ke6 40. Rb6+ Kf5 41. Rxa6 Ke4 42. Ra3 Rf5 43. g4 Rf2+ 44. Kc3 h4 45. Ra4+ Kf3 46. Rc4 Kg3 47. Rxc5 Kxh3 48. Rxg5 Rg2 49. Rg8 Rxg4 50. Re8 Kg3 51. Rh8 h3 52. Rxh3+ Kxh3 53. a4 Kg3 54. b4 Kf3 55. Kb3 Kxe3 0-1